Modelovanie cenotvorby benzínu v SR
Prehľad o súčasnom stave skúmanej problematiky. Analýza cenotvorby benzínu na Slovensku. Modely a metódy využité pri analýze. Výsledky analýzy.
Na minha lista:
| Autor principal: | |
|---|---|
| Outros Autores: | , |
| Formato: | Capítulo de Livro |
| Idioma: | eslovaco |
| Assuntos: | |
| Tags: |
Sem tags, seja o primeiro a adicionar uma tag!
|
MARC
| LEADER | 00000naa$a2200000$$$4500 | ||
|---|---|---|---|
| 001 | 0144858 | ||
| 005 | 20240502072610.9 | ||
| 041 | 0 | |a slo | |
| 044 | |a SK | ||
| 245 | 1 | 0 | |a Modelovanie cenotvorby benzínu v SR |c Martin Lukáčik, Karol Szomolányi, Adriana Lukáčiková |
| 520 | |a Prehľad o súčasnom stave skúmanej problematiky. Analýza cenotvorby benzínu na Slovensku. Modely a metódy využité pri analýze. Výsledky analýzy. | ||
| 610 | 2 | 0 | |a tvorba cien |
| 610 | 2 | 0 | |a ceny |
| 610 | 2 | 0 | |a modely |
| 610 | 2 | 0 | |a modelovanie ekonometrické |
| 610 | 2 | 0 | |a analýzy |
| 610 | 2 | 0 | |a benzín |
| 610 | 2 | 0 | |a Slovensko |
| 100 | 1 | |a Lukáčik, Martin, 1974- | |
| 700 | 1 | |a Szomolányi, Karol, 1976- | |
| 700 | 1 | |a Lukáčiková, Adriana, 1971- | |